Tipografía canaria : (Record no. 141401)

MARC details
000 -LEADER
campo de control de longitud fija 01176nam a2200277 i 4500
001 - NÚMERO DE CONTROL
campo de control 141401
003 - IDENTIFICADOR DE NÚMERO DE CONTROL
campo de control ES-MaACL
005 - FECHA Y HORA DE LA ÚLTIMA TRANSACCIÓN
campo de control 20250808063529.0
007 - CAMPO FIJO DE DESCRIPCIÓN FÍSICA--INFORMACIÓN GENERAL
campo de control de longitud fija t|
008 - DATOS DE LONGITUD FIJA--INFORMACIÓN GENERAL
campo de control de longitud fija 070921s1964 sp ||||1| spa d
017 ## - NÚMERO DE COPYRIGHT O DE DEPÓSITO LEGAL
Número de copyright o de depósito legal TF 252-1964
Agencia que asigna Oficina Depósito Legal Tenerife
080 ## - NÚMERO DE LA CLASIFICACIÓN DECIMAL UNIVERSAL
Número de la Clasificación Decimal Universal 015(649)
100 1# - ENTRADA PRINCIPAL--NOMBRE DE PERSONA
Nombre de persona Vizcaya Carpenter, Antonio,
Fechas asociadas al nombre 1928-1984
Término indicativo de función/relación Autor
9 (RLIN) 115620
245 10 - MENCIÓN DEL TÍTULO
Título Tipografía canaria :
Resto del título descripción bibliográfica de las obras editadas en las islas Canarias desde la introducción de la imprenta hasta el año 1900... /
Mención de responsabilidad, etc. Antonio Vizcaya Carpenter
260 ## - PUBLICACIÓN, DISTRIBUCIÓN, ETC.
Lugar de publicación, distribución, etc. Santa Cruz de Tenerife :
Nombre del editor, distribuidor, etc. [Instituto de Estudios Canarios en la Universidad de La Laguna],
Fecha de publicación, distribución, etc. 1964
300 ## - DESCRIPCIÓN FÍSICA
Extensión XCII, 726 páginas, 38 hojas :
Otras características físicas ilustraciones ;
Dimensiones 25 cm
490 1# - MENCIÓN DE SERIE
Mención de serie Bibliografías locales ;
Designación de volumen o secuencia 2
RLIN 189819
650 #7 - PUNTO DE ACCESO ADICIONAL DE MATERIA--TÉRMINO DE MATERIA
Término de materia o nombre geográfico como elemento de entrada Bibliografías canarias
Fuente del encabezamiento o término embne
9 (RLIN) 241653
655 #7 - TERMINO DE INDIZACIÓN--GENERO/FORMA
Datos o término principal de género/forma Bibliografías
Fuente del término tgfbne
9 (RLIN) 226825
710 2# - ENTRADA AGREGADA--NOMBRE DE ENTIDAD CORPORATIVA
Nombre de entidad corporativa o nombre de jurisdicción como elemento de entrada Instituto de Estudios Canarios
Término indicativo de función/relación Editor
9 (RLIN) 4891
830 #0 - PUNTO DE ACCESO ADICIONAL DE SERIE-TÍTULO UNIFORME
Título uniforme Bibliografías locales ;
Designación de volumen o secuencia 2
9 (RLIN) 189819
852 ## - LOCALIZACIÓN
Ubicación ES-MaACL
Sublocalización o colección R.56613
Ubicación en estantería Depósito 2
Número de control de estantería C-27320
itemnumber 146511
942 ## - ELEMENTOS DE ENTRADA SECUNDARIOS (KOHA)
Fuente del sistema de clasificación o colocación Clasificación decimal universal
Tipo de ítem Koha Libro impreso
Suprimir en OPAC No
Holdings
Estatus retirado Estado de pérdida Fuente del sistema de clasificación o colocación Estado de daño No para préstamo Colección Biblioteca de origen Biblioteca actual Ubicación en estantería Fecha de adquisición Total de préstamos Signatura topográfica completa Código de barras Visto por última vez Precio de reemplazo Tipo de ítem Koha
    Clasificación decimal universal     Biblioteca profesional Biblioteca del Ateneo de Madrid Biblioteca del Ateneo de Madrid Depósito 2 17/01/2008   C-27320 1147132 23/02/2023 23/02/2023 Libro impreso